[Event "SVK-chT2C 1516"]
[Site "Slovakia"]
[Date "2016.01.24"]
[Round "7.5"]
[White "Vrchovsky, Viliam"]
[Black "Hlavac, Peter"]
[Result "1-0"]
[WhiteElo "2015"]
[BlackElo "1991"]
[PlyCount "63"]
[EventDate "2015.10.17"]
[EventType "team-tourn"]
[EventRounds "11"]
[EventCountry "SVK"]
[SourceTitle "CBM 170 Extra"]
[Source "ChessBase"]
[SourceDate "2016.02.25"]
[SourceVersion "1"]
[SourceVersionDate "2016.02.25"]
[SourceQuality "1"]
[WhiteTeam "Dunajov Inbest II"]
[BlackTeam "Rajecke Teplice"]
[WhiteTeamCountry "SVK"]
[BlackTeamCountry "SVK"]

1. e4 d5 2. exd5 Qxd5 3. Nc3 Qa5 4. Nf3 Nf6 5. Be2 Nc6 6. 0-0 Bg4 7. a3 e5 8. d3 Be7 9. Bd2 Nd5 10. Ne4 Qb6 11. c4 Nf4 12. Bxf4 exf4 13. b4 Bxf3 14. Bxf3 Nd4 15. Nc3 c6 16. Re1 f5 17. b5 Kf7 18. bxc6 bxc6 19. Rb1 Qc5 20. Rb7 Rhe8 21. Qd2 Kf8 22. Bh5 g6 23. Bd1 Kg8 24. Ne2 Bd6 25. Nxd4 Qxd4 26. Bf3 Bc5 27. Reb1 Qd6 28. Qc3 Bd4 29. c5 Qxc5 30. Qb3+ Kh8 31. Qf7 Bxf2+ 32. Kh1 1-0

[Event "SVK-chT2C 1516"]
[Site "Slovakia"]
[Date "2015.10.18"]
[Round "2.5"]
[White "Hlavac, Peter"]
[Black "Pekar, Karol"]
[Result "0-1"]
[WhiteElo "1984"]
[BlackElo "2094"]
[PlyCount "76"]
[EventDate "2015.10.17"]
[EventType "team-tourn"]
[EventRounds "11"]
[EventCountry "SVK"]
[SourceTitle "CBM 169 Extra"]
[Source "ChessBase"]
[SourceDate "2015.12.18"]
[SourceVersion "1"]
[SourceVersionDate "2015.12.18"]
[SourceQuality "1"]
[WhiteTeam "Rajecke Teplice"]
[BlackTeam "Liptov Chess School III"]
[WhiteTeamCountry "SVK"]
[BlackTeamCountry "SVK"]

1. Nf3 Nf6 2. c4 d6 3. g3 e5 4. Bg2 Be7 5. Nc3 0-0 6. 0-0 c6 7. e4 Nbd7 8. d4 Qc7 9. h3 a6 10. a4 Re8 11. Be3 Bf8 12. d5 c5 13. Nd2 g6 14. Ra3 Bg7 15. Kh2 Nh5 16. Bf3 Ndf6 17. Ne2 Bf8 18. g4 Qd7 19. Rg1 Rb8 20. Qf1 Ng7 21. Ng3 Qc7 22. Be2 Be7 23. Bh6 Bd8 24. Nh5 Nfxh5 25. gxh5 Bf6 26. Rag3 Bh4 27. R3g2 Qd7 28. Rg4 Qe7 29. hxg6 fxg6 30. R4g2 Bf6 31. Nf3 Qd7 32. Ng5 Bxg5 33. Rxg5 Rf8 34. Qg2 Rxf2 35. Bg4 Rxg2+ 36. Rxg2 Qf7 37. Bf5 Bxf5 38. exf5 Nxf5 0-1